书目信息 |
| 题名: |
毛泽东与彭德怀
|
|
| 作者: | 薛鹏 著 | |
| 分册: | ||
| 出版信息: | 长春 吉林出版社 1998.02 |
|
| 页数: | 342页 | |
| 开本: | 32开 | |
| 丛书名: | ||
| 单 册: | ||
| 中图分类: | A751.2 | |
| 科图分类: | ||
| 主题词: | 毛泽东--生平事迹 , 毛泽东--传记 | |
| 电子资源: | ||
| ISBN: | 7-80626-213-X | |
| 000 | 00568nam0 2200205 45 | |
| 001 | 0011021163 | |
| 005 | 20001102112523.1 | |
| 010 | @a7-80626-213-X@d13.80元 | |
| 100 | @a20001102d1998 km y0chiy0120 ea | |
| 101 | 0 | @achi |
| 105 | @a z 000yy | |
| 200 | 1 | @a毛泽东与彭德怀@AMao Ze Dong Yu Peng De Huai@f薛鹏著@FXue Peng Zhu |
| 210 | @a长春@c吉林出版社@d1998.02 | |
| 215 | @a342页@d32开 | |
| 606 | 0 | @a毛泽东@x生平事迹 |
| 606 | 0 | @a毛泽东@x传记 |
| 690 | @aA751.2@v3 | |
| 701 | 0 | @a薛鹏@4著 |
| 801 | @aCN@bPftUser@c20001102 | |
| 905 | @b196391-392@dA751.2@eX.275@f2 | |
| 毛泽东与彭德怀/薛鹏著.-长春:吉林出版社,1998.02 |
| 342页;32开 |
| ISBN 7-80626-213-X:13.80元 |
| ● |
| 相关链接 |
|
|
|
正题名:毛泽东与彭德怀
索取号:A751.2/X.275
 
预约/预借
| 序号 | 登录号 | 条形码 | 馆藏地/架位号 | 状态 | 备注 |
| 1 | 196391 | 201963919 | 社科库509/509社科库 2排4列1层/ [索取号:A751.2/X.275] | 在馆 | |
| 2 | 196392 | 201963928 | 社科库509/509社科库 2排4列1层/ [索取号:A751.2/X.275] | 在馆 |